000 00747nam a2200217 a 4500
001 000020077
005 20200929170245.0
008 100720s2009 dr a 000 0 spa d
020 _a9789592106307
040 _aDO-SdBNP
_bspa
_cBNPHU
082 _a782.42
_bA447m
100 1 _aAlmeida Bosque, Juan
_942646
245 1 0 _aCon la mano extendida :
_bcancionero /
_cJuan Almeida Bosque ; edición Lilian Sabina Roque ; prólogo Frank Fernández.
260 _aLa Habana :
_bCasa Editora Abril,
_c2009.
300 _a347 p. :
_bil. ; retrs. ;
_c27 cm.
650 4 _aCancioneros
_xPartituras
_942647
650 4 _aLectura musical
_942648
700 1 _aSabina Roque, Lilian,
_eed.
_942649
700 1 _aFernández, Frank,
_epról.
_942650
049 _aBNPD
999 _c19585
_d19585